| 000 | 01836nim a22003975i 4500 | ||
|---|---|---|---|
| 999 |
_c29030 _d29001 |
||
| 003 | EG-ScBUE | ||
| 005 | 20201119141011.0 | ||
| 007 | sd fsngnn|||e| | ||
| 008 | 201119r20031994enknnnnf f n eng d | ||
| 020 | _a9780141804484 | ||
| 020 | _a0141804483 | ||
| 040 |
_aEG-ScBUE _beng _erda _cEG-ScBUE _dEG-ScBUE |
||
| 082 | 0 | 4 |
_a823.8 _bDIC _222 |
| 100 | 1 |
_aDickens, Charles, _d1812-1870, _eauthor. |
|
| 245 | 1 | 0 |
_aGreat expectations / _cCharles Dickens ; read by Hugh Laurie. |
| 264 | 1 |
_aLondon : _bPenguin Audiobooks, _c2003. |
|
| 264 | 4 | _cc1994 | |
| 300 |
_a3 audio discs (approximately 3 hour) : _bdigital ; _c4 3/4 in. |
||
| 306 | _a030000 | ||
| 336 |
_aspoken word _bspw _2rdacontent |
||
| 337 |
_aaudio _bs _2rdamedia |
||
| 338 |
_aaudio disc _bsd _2rdacarrier |
||
| 344 |
_adigital _2rdatr |
||
| 344 |
_aoptical _2rdarm |
||
| 347 |
_aaudio file _2rdaft |
||
| 347 | _bCD audio | ||
| 380 | _aNovel | ||
| 490 | 0 | _aPenguin classic Audiobooks | |
| 511 | _aread by Hugh Laurie | ||
| 520 | _aA terrifying encounter with an escaped convict in a graveyard on the wild Kent marshes; a summons to meet the bitter, decaying Miss Havisham and her beautiful, cold-hearted ward Estella; and, the sudden generosity of a mysterious benefactor - these form a series of events that change the orphaned Pip's life forever, and he eagerly abandons his humble origins to begin a new life as a gentleman. Dickens' haunting late novel depicts Pip's education and development through adversity as he discovers the true nature of his 'great expectations'. | ||
| 650 | 7 |
_aTriangles (Interpersonal relations) _zEngland _vFiction. _2BUEsh |
|
| 650 | 7 |
_aMan-woman relationships _zEngland _vFiction. _2BUEsh |
|
| 651 | 7 |
_aEngland _xSocial life and customs|y _y19th century _vFiction. _2BUEsh |
|
| 700 | 1 |
_aLaurie, Hugh, _enarrator. |
|
| 942 |
_2ddc _cCDVDN |
||